Pays les plus médaillés aux Championnats du Monde de Natation - Statistiques

Statistiques générales
  • Ce quiz a été pris 61 fois
  • Le résultat moyen est 17 sur 20
Statistiques - réponses
Hint Réponse % Correct
770 États-Unis
100%
114 France
100%
166 Canada
98%
464 Chine
96%
362 Australie
95%
155 Japon
95%
216 Allemagne
93%
122 Allemagne de l'Est
93%
240 Russie
93%
72 Union Soviétique
93%
207 Italie
89%
103 Espagne
88%
143 Royaume-Uni
88%
60 Suède
79%
103 Pays-Bas
77%
51 Brésil
75%
117 Hongrie
73%
43 Mexique
59%
41 Afrique du Sud
57%
63 Ukraine
52%
Aucun quiz correspondant
Distribution des résultats
% des personnes avec chaque résultat
Percentile par nombre de réponses
Votre historique - résultats
Vous n’avez pas pris ce quiz